000 01566nam a22003977a 4500
003 CHAP
005 20220817044531.0
008 120709s2012 mx r 00010 spa d
010 _a103516
011 _a104488
035 _a115178
040 _cCHAP
090 _aTesis
100 1 _aBotello Aguirre, Socorro Arianna
_914462
245 1 0 _aModelación del cambio de uso del suelo y su impacto en el escurrimiento superficial, en la Cuenca del Río Necaxa
_h[En línea]
_c/por Socorro Arianna Botello Aquirre
260 _aChapingo, Méx. :
_bEl autor,
_c2012
500 _aPara ver el contenido del material haga clic en la liga
502 _aTesis (Ing. en Recursos Naturales Renovables) -- UACH. Departamento de Suelos
590 _aALEPH
_b10
_c20130110
_lUCH01
_h1545
590 _aBATCH-UPD
_b10
_c20130110
_lUCH01
_h1612
590 _aBATCH-UPD
_b10
_c20130410
_lUCH01
_h1008
590 _aBATCH-UPD
_b10
_c20130914
_lUCH01
_h0726
590 _aBATCH-UPD
_b10
_c20140324
_lUCH01
_h1531
590 _aBATCH-UPD
_b10
_c20141002
_lUCH01
_h0853
590 _aBATCH
_b00
_c20181121
_lUCH01
_h0759
590 _aCONVERSION
_b10
_c20130109
_lUCH01
_h1357
650 0 4 _aCuencas
_zPuebla.
_930089
650 0 4 _aErosión hídrica.
650 0 4 _aErosión suelos.
_937342
856 _3Finding aid
_uhttp://10.13.5.2/tesis/115178.pdf
_zTeclea aqui
856 _a1
_n0001014
901 _aBK
942 _cFOLL
949 _aTesis
_bBC
_cTES
_d33724002339652
_eTS1
_gDonaciØn
_h53547
_i115178
_st
949 _aTesis
_bBC
_cTES
_d33724002339694
_eTS2
_fc.2
_gDonaciØn
_h53548
_i115178
_st
999 _c103516
_d103516